000 00599nam a2200229Ia 4500
005 20251121182739.0
008 230125s9999 xx 000 0 und d
020 _a56052-677-7
041 _aeng
082 _a158.1
_bROU
100 _aRouillard L
_9215367
245 _aGoals And Goal Setting : Achieving Measured Objectives
250 _a3rd Ed.
260 _c2003
_bCrisp Pub
_aAmerica
300 _a106p
_cPaper Back
440 _v1
500 _aPersonality Development
650 _aPersonality Development
_9213420
700 _aRouillard L
_9215367
906 _b27
942 _cBK
999 _c95284
_d95284